Kannaḍa nādiṇa aitihāsika mahāpuruṣaru. (Record no. 70045)

MARC details
000 -LEADER
fixed length control field 00575cam a22002171 4500
001 - CONTROL NUMBER
control field sa 66005612
003 - CONTROL NUMBER IDENTIFIER
control field DLC
005 - DATE AND TIME OF LATEST TRANSACTION
control field 20260227112250.0
008 - FIXED-LENGTH DATA ELEMENTS--GENERAL INFORMATION
fixed length control field 890628s1965 ii 000 0 kano
010 ## - LIBRARY OF CONGRESS CONTROL NUMBER
LC control number sa 66005612
035 ## - SYSTEM CONTROL NUMBER
System control number (OCoLC)19945272
040 ## - CATALOGING SOURCE
Original cataloging agency DLC
Transcribing agency WaU
Modifying agency DLC
042 ## - AUTHENTICATION CODE
Authentication code premarc
050 00 - LIBRARY OF CONGRESS CALL NUMBER
Classification number DS485.C24
Item number G6
100 1# - MAIN ENTRY--PERSONAL NAME
Personal name Gopal, B. R.
Fuller form of name (Balakrishnan Raja),
Dates associated with a name 1930-1997.
245 10 - TITLE STATEMENT
Title Kannaḍa nādiṇa aitihāsika mahāpuruṣaru.
260 ## - PUBLICATION, DISTRIBUTION, ETC.
Date of publication, distribution, etc. 1965.
300 ## - PHYSICAL DESCRIPTION
Extent 64 p.
Dimensions 16 cm.
500 ## - GENERAL NOTE
General note In Kannada.
650 #0 - SUBJECT ADDED ENTRY--TOPICAL TERM
Topical term or geographic name entry element Cornatic
General subdivision Kings and rulers.

No items available.

Powered by Koha